Patronage and selection in public sector organizations (Record no. 517263)

000 -LEADER
fixed length control field 01218nam a22001457a 4500
008 - FIXED-LENGTH DATA ELEMENTS--GENERAL INFORMATION
fixed length control field 210707b ||||| |||| 00| 0 eng d
100 ## - MAIN ENTRY--PERSONAL NAME
Personal name Colonnelli, Emanuele, Prem, Mounu and Teso, Edoardo
245 ## - TITLE STATEMENT
Title Patronage and selection in public sector organizations
260 ## - PUBLICATION, DISTRIBUTION, ETC. (IMPRINT)
Place of publication, distribution, etc The American Economic Review
300 ## - PHYSICAL DESCRIPTION
Extent 110(10), Oct, 2020: p.3071-3099
520 ## - SUMMARY, ETC.
Summary, etc In all modern bureaucracies, politicians retain some discretion in public employment decisions, which may lead to frictions in the selection process if political connections substitute for individual competence. Relying on detailed matched employer-employee data on the universe of public employees in Brazil over 1997–2014, and on a regression discontinuity design in close electoral races, we establish three main findings. First, political connections are a key and quantitatively large determinant of employment in public organizations, for both bureaucrats and frontline providers. Second, patronage is an important mechanism behind this result. Third, political considerations lead to the selection of less competent individuals. – Reproduced
773 ## - HOST ITEM ENTRY
Main entry heading The American Economic Review
906 ## - LOCAL DATA ELEMENT F, LDF (RLIN)
Subject DIP PUBLIC SECTORS
942 ## - ADDED ENTRY ELEMENTS (KOHA)
Item type Articles
Holdings
Withdrawn status Lost status Source of classification or shelving scheme Damaged status Not for loan Permanent location Current location Date acquired Serial Enumeration / chronology Barcode Date last seen Koha item type
          Indian Institute of Public Administration Indian Institute of Public Administration 2021-07-07 110(10), Oct, 2020: p.3071-3099 AR124615 2021-07-07 Articles

Powered by Koha